000 00261nam a2200121Ia 4500
008 220120s9999||||xx |||||||||||||| ||und||
082 _a530 BAS
100 _aBasavaraj, S.P
245 0 _aEngineering physics
260 _c2004
300 _b0
650 _aVHDL
999 _c136694
_d136694